Top 10 Tennis Players In The World (2012) - Statistics

General Stats
  • This quiz has been taken 1,020 times
  • The average score is 7 of 10
Answer Stats
Rank Player % Correct
1 Rafael Nadal
99%
3 Roger Federer
99%
2 Novak Djokovic
98%
4 Andy Murray
94%
5 David Ferrer
78%
7 Jo-Wilfried Tsonga
70%
8 Juan Martin Del Potro
67%
6 Thomas Berdych
60%
9 Janko Tipsarevic
28%
10 Nicolas Almagro
24%
No matching quizzes found
Score Distribution
Percent of People with Each Score
Percentile by Number Answered
Your Score History
You have not taken this quiz